00553nam a2200145Ia 4500008004100000024004800041082001800089100005200107245003800159260002600197600002700223650003300250856010700283999001700390260210s9999 xx 000 0 und d a16B-001-EL. 16B-085-EL & 16B-231-EL a004.11092 KIN aKinza Batool, Ameena Arshad & Anusha Imtiaz 0aIOT Based Health Monitoring Glove aKarachi:bUITU,c2016 aElectronic Engineering aBachelor of Engineering (BE) uhttps://drive.google.com/file/d/1nbOF0ao0ybFrhT21y3KD59TVoXQqc5x7/view?usp=sharingyClick here for PDF c33262d33262